UM Logo

Annapurna expedition game : (Record no. 21003)

MARC details
000 -LEADER
fixed length control field 01137nam a22002777a 4500
003 - CONTROL NUMBER IDENTIFIER
control field OSt
005 - DATE AND TIME OF LATEST TRANSACTION
control field 20250421090135.0
008 - FIXED-LENGTH DATA ELEMENTS--GENERAL INFORMATION
fixed length control field 240828b ||||| |||| 00| 0 eng d
040 ## - CATALOGING SOURCE
Transcribing agency 0
082 ## - DEWEY DECIMAL CLASSIFICATION NUMBER
Classification number DPer 570 J826 2021 v. 53 n. 1-5.
100 ## - MAIN ENTRY--PERSONAL NAME
Personal name Sole-Llussa, Anna.
Relator term author.
9 (RLIN) 59279
245 ## - TITLE STATEMENT
Title Annapurna expedition game :
Remainder of title applying molecular biology tools to learn genetics /
Statement of responsibility, etc. Anna Sole-Lluss, Marina Casanovas, Zoel Salvado, Santigo Garcia-Vallve, Cristina Valls and Maite Novo.
260 ## - PUBLICATION, DISTRIBUTION, ETC. (IMPRINT)
Place of publication, distribution, etc. United Kingdom ;
Name of publisher, distributor, etc. Taylor & Francis Group,
Date of publication, distribution, etc. November 2019.
300 ## - PHYSICAL DESCRIPTION
Extent volume 53, pages 519-523,
Other physical details illustration.
500 ## - GENERAL NOTE
General note Journal of Biological Education, v. 53, n. 5, pages 516-523, November 2019.
650 #0 - SUBJECT ADDED ENTRY--TOPICAL TERM
Topical term or geographic name as entry element Genetics.
9 (RLIN) 66488
650 #0 - SUBJECT ADDED ENTRY--TOPICAL TERM
Topical term or geographic name as entry element BLAST tool.
9 (RLIN) 66489
650 #0 - SUBJECT ADDED ENTRY--TOPICAL TERM
Topical term or geographic name as entry element Pre-service teaches.
9 (RLIN) 66490
700 ## - ADDED ENTRY--PERSONAL NAME
Personal name Sole-Llussa, Anna.
Relator term author.
9 (RLIN) 59279
700 ## - ADDED ENTRY--PERSONAL NAME
Personal name Casanovas, Marina.
Relator term author.
9 (RLIN) 59280
700 ## - ADDED ENTRY--PERSONAL NAME
Personal name Salvado, Zoel.
Relator term author.
9 (RLIN) 59281
700 ## - ADDED ENTRY--PERSONAL NAME
Personal name Garcia-Vallve, Santigo.
Relator term author.
9 (RLIN) 59282
700 ## - ADDED ENTRY--PERSONAL NAME
Personal name Valls , Cristina.
Relator term author.
9 (RLIN) 59283
700 ## - ADDED ENTRY--PERSONAL NAME
Personal name Novo, Maite.
Relator term author.
9 (RLIN) 59284
942 ## - ADDED ENTRY ELEMENTS (KOHA)
Source of classification or shelving scheme Dewey Decimal Classification
Koha item type Periodicals
Holdings
Withdrawn status Lost status Source of classification or shelving scheme Damaged status Not for loan Collection code Home library Current library Date acquired Total Checkouts Full call number Date last seen Price effective from Koha item type Public note
    Dewey Decimal Classification     Periodicals UM Digos College - LIC UM Digos College - LIC 08/28/2024   DPer 570J826 2021 v53,no 1-5. 08/28/2024 08/28/2024 Periodicals Periodical Article